| 000 | 00845cam a22002777a 4500 | ||
|---|---|---|---|
| 003 | MX-MxUPN | ||
| 005 | 20240321121525.0 | ||
| 008 | 231025s2010 mx|a|||ar|||| 000 j spa d | ||
| 020 | _a9786071605207 | ||
| 040 |
_aMX-MxUPN _bspa |
||
| 041 | 0 | _aspa | |
| 050 | 4 |
_aPZ71 _bI87 2010 |
|
| 100 | 0 |
_948026 _aIsol |
|
| 245 | _aRegalo sorpresa | ||
| 250 | _aTercera edición | ||
| 260 |
_aCiudad de México : _bFondo de Cultura Económica, _c2010 |
||
| 300 |
_a28 páginas : _bilustraciones a color |
||
| 490 | _aLos primerísimos | ||
| 650 | 4 |
_951452 _aRegalos _vLiteratura infantil |
|
| 650 | 4 |
_951451 _aCumpleaños _vLiteratura infantil |
|
| 650 | 4 |
_96744 _aCuentos infantiles |
|
| 650 | 4 |
_92290 _aLibros y lectura para niños |
|
| 902 |
_aMarisolLicea/251023 _bVíctorGodínez/210324 |
||
| 942 |
_2lcc _cLIBRO |
||
| 999 |
_c210622 _d210622 |
||